02154agaaa2200349 45000010005000000030009000050050017000140070009000310080040000400400023000800410013001031000052001161300028001682400026001962450164002222460019003862500022004052600093004273000034005205080136005545110087006905200476007775380016012535460013012696500061012827000064013437000066014077000061014739420012015349990019015469520239015651507IT-RoPAU20220918181251.0d cvaizq50131s9999||||xx ||| | || ||und|| aIT-RoPAUcIT-RoPAU aITALIANO aDaves DelmergCodice regista SPICS: 1508940837 aSCANDALO AL SOLE948992 aA SUMMER PLACEgT1614 aSCANDALO AL SOLEcProdotto da: Daves Delmer -- Sceneggiatura: Daves Delmer -- Diretto da: Daves DelmerpSCANDALO AL SOLE (Rif. Codice opera principale : 21507) aA SUMMER PLACE aEdizione Standard a(USA)bWARNER BROS / Distribuzione: RAIg"1959 (1° ed.: 1983 ; Ed. Lingua Orig.: 1959)" aVHSbsonoro, col.c120 minuti a"Fotografia: Stradling Harry; Montaggio: Marks Owen; Musica: Steiner Max; Sceneggiatura: Daves Delmer; Scenografia: Kuter Leo K.; " a"Egan Richardmc; Guire Dorothy; Dee Sandra; Kennedy Arthur; Donahue Troy; Ford C." aDOPO AVER DISSIPATO IL PATRIMONIO FAMILIARE BART HUNTER FA DELLA SUA CASA A PINE ISLAND UN ALBERGO CHE DIRIGE ASSIEME ALLA MOGLIE SILVIA E AL FIGLIO JOHNNY NELL'ALBERGO PRENDE ALLOGGIO IL MILIONARIO KEN JORGENSON LA SUA AUTORITARIA MOGLIE E LA FIGLIOLA MOLLY TRA JOHNNY E MOLLY FIORISCE RAPIDAMENTEL'AMORE INTANTO ANCHE FRA SILVIA E KEN JORGENSON RIAPRONO LA LORO RELAZIONE TRONCATA VENT'ANNI PRIMA SEPARAZIONI DIVORZIO OPPOSIZIONE ALL'AMORE DEI DUE GIOVANI FILM A COLORI aPAL, STEREO aITALIANO aCOMMEDIAeFILMS [VHS]xCodice MATERIA SPICS: 9960948993 aDaves Delmer e(regista)gCodice regista SPICS: 1508940837 aDaves Delmer e(soggetto)gCodice Soggetto SPICS: 1508948994 aSteiner Maxe(musica)gCodice Musica SPICS: 11162948995 cVH2ddc c106831d106831 001040621507_00000000000000071aSPICSbSPICSd2015-01-31l0o21507r2015-01-31 00:00:00w2015-01-31yVHzProgr. Ins.: 1303 / N.Vol.:1 / Copie: 1 / Pag.: / Copia rara: n.d. / date import: 1.2.2015 / By Epidotti, Trombetti, Vaglietti